000 00697nam a2200205Ia 4500
001 5042
003 GE_BSU
008 181216s||||||||xx |||||||||||||| ||und||
040 _cGE_BSU
080 _a621.0
100 _aПонов,В.А.
245 _aПринципы построения технологиии тяжелого машиностроения.
245 _cВед.ред. Л.Н.Делюкин.
260 _aМ.
260 _bМашгиз.
260 _c1963.
300 _a473 стр. с илл. 22см. Библиогр.: стр.474-476.
653 _aПринципы построения технологиии тяжелого машиностроения.
942 _cBK
999 _c38727
_d38727